000 00582nam a2200181Ia 4500
008 100921s9999 xx 000 0 und d
082 _b8045
_a823 0
100 _aLandon Herman.
245 _aThe Elusive Picaroon.
260 _bकॅसेल अँड कंपनी,लंडन.
_c0
300 _a309
_b---
365 _b0
520 _aललित इंग्र्रजी कादंबरी.
630 _aThe Elusive Picaroon.
650 _aललित इंग्र्रजी कादंबरी.
730 _aThe Elusive Picaroon.
942 _cBOOK
999 _c757158
_d757155